00691nam a2200229Ia 4500003000900000008004100009040001300050040001300063041000800076100002400084100000800108245005800116250000900174260001800183260000900201300001100210300001200221490000600233942000700239999001700246952019800263IT-RoPAU120407s9999 xx 000 0 und d aIT-RoPAU cIT-RoPAU aita aConstant Van Gestel cop. aIntroduzione all’insegnamento sociale della chiesa. aRoma aCittà Nuova c1963 a215 p. c21,5 cm v1 cBK c28987d28987 00102ddc406261_32000000000000071aPAULUSbPAULUSd2012-04-11l0o261.32r2012-04-11 00:00:00w2012-04-11yBKzInserito da: Anna In data: 12 settembre 2011 fondo: Via A.Severo 56 Progr:15670